Στοιχεία γενικής χημείας : θεωρία και πειράματα

Αποθηκεύτηκε σε:
Λεπτομέρειες βιβλιογραφικής εγγραφής
Κύριος συγγραφέας: Ακρίβος, Περικλής Δ.
Άλλοι συγγραφείς: Χατζηδημητρίου, Αντώνης Γ.
Μορφή: Βιβλίο
Γλώσσα:Greek
Δημοσίευση: Θεσσαλονίκη : Ζήτη, 2017.
Έκδοση:2η έκδ.
Θέματα:
Ετικέτες: Προσθήκη ετικέτας
Δεν υπάρχουν, Καταχωρήστε ετικέτα πρώτοι!

MARC

LEADER 00000cam a2200000 a 4500
001 1/123130
008 210603s2017####gr ||||||| |||| ||gre||
020 |a 9789604564934 
040 |a GR-MyUa  |b gre  |c GR-MyUa  |e AACR2 
041 0 |a gre 
082 7 |a 540  |2 (23) 
100 1 |a Ακρίβος, Περικλής Δ. 
245 1 0 |a Στοιχεία γενικής χημείας :   |b θεωρία και πειράματα /   |c Περικλής Δ. Ακρίβος, Αντώνης Γ. Χατζηδημητρίου.  
250 |a 2η έκδ.  
260 |a Θεσσαλονίκη :   |b Ζήτη,   |c 2017.  
300 |a 504 σ. ;   |c 24 εκ.  
650 0 |a Chemistry. 
700 1 |a Χατζηδημητρίου, Αντώνης Γ. 
852 |a INST  |b LESVOS  |c EUDOXUS  |e 20210603  |h 540 ΑΚΡ  |p 005100063210  |q 005100063210  |t EDX  |y 0 
920 |a Εύδοξος  |b Παραγγελία  |y Λέσβος-ΤΠ  |z 2021-05 
970 |a Δημάκη  |b Μαρία  |z 03-06-2021